| 000 | 00619nam a2200217 a 4500 | ||
|---|---|---|---|
| 999 |
_c5580 _d5580 |
||
| 001 | 5580 | ||
| 003 | BD-JhCC | ||
| 005 | 20180312192944.0 | ||
| 008 | 171218s1973 b |||| || | 000 0 eng d | ||
| 035 | _a(BD-JhCC)5580 | ||
| 040 |
_aBD-JhCC _dBD-JhCC |
||
| 041 | _aeng | ||
| 082 |
_a821.1 _bENG 1973 |
||
| 245 |
_aEnglish Selections for the Young : _bProse & Poetry / _cBoards of Intermediate & Secondary Education |
||
| 260 |
_aDacca : _bAltaf Press, _c1973 |
||
| 300 |
_a208 p. : _c21 cm. |
||
| 650 | _aEnglish Poetry | ||
| 710 | _aBoards of Intermediate & Secondary Education | ||
| 942 |
_2ddc _cBK |
||